| 000 | 00699nam a2200217 a 4500 | ||
|---|---|---|---|
| 005 | 20230602063643.0 | ||
| 008 | 991125s1984 mx 000 0 spa u | ||
| 020 | _a9681616073 | ||
| 035 | _aUPN01000001281 | ||
| 040 |
_aMX-MxUPN _bspa _cMX-MxUPN |
||
| 050 | 4 |
_aPQ7104 _bL5 no.45 |
|
| 100 | 1 |
_aBenítez, Fernando, _d1912-2000 _931076 |
|
| 245 | 1 | 3 |
_aEl agua envenenada / _cFernando Benítez. |
| 250 | _aPrimera edición | ||
| 260 |
_aMéxico : _bFondo de Cultura Económica : _bSecretaría de Educación Pública, Subsecretaría de Cultura, _c1984. |
||
| 300 | _a182 páginas | ||
| 490 |
_aLecturas mexicanas ; _v45 |
||
| 650 | 4 |
_aNovela mexicana _94557 |
|
| 905 | _aLibro | ||
| 942 |
_2lcc _cLIBRO |
||
| 999 |
_c1281 _d1281 |
||